000 01913nam a22002177a 4500
999 _c9389
_d9389
003 GBCCL
005 20241126110711.0
008 221111b ||||| |||| 00| 0 eng d
020 _a9781948014397
020 _a1948014394
040 _cGBC
082 _a236
_bGIL
100 _aGilbert, Sharon K.
_916360
245 _aGiants, gods, & dragons :
_bexposing the fallen realm and the plot to ignite the final war of the ages /
_cSharon K. Gilbert, Derek P. Gilbert
260 _aCrane, MO,
_bDefender,
_c2020
300 _axi, 267 pages :
_b illustrations, maps ;
_c23 cm
505 _aForeword : All eyes are on prophecy Eyes of the dragon Part I : Beginnings. Ordo ab chao : that old dragon : the twisting serpent ; The influence of evil : in the garden of the Lord ; East of Eden ; The watchers : the genesis 6 incursion ; More lying rebels : the apkallu, Gilgamesh, and the seventy sons of El Part II : The times of the gentiles & our present age. The seventy weeks timeline ; A strange confluence of events ; The four beasts of gentile history ; The four corners of the Earth Part III : Unveiling the future and the end of time. The seven seals ; The sound of hoofbeats ; Rider one : conquest ; Rider two : war ; Rider three : famine ; Rider four and five : death and Hades
505 _a"Giants are real. The small-g "gods" of the pagans are real. Dragons are real. And they're preparing for the final war with God. Giants, Gods, and Dragons is a fresh look at the end of days, drawing on the worldview of the prophets and apostles, who understood that the spirit realm is far more real than we've been taught. Derek P. Gilbert and Sharon K. Gilbert connect the dots between history, archaeology, and Bible prophecy to reveal long-lost information about the imminent, end-times showdown between the fallen realm and the Kingdom of God."
650 _aProphecy Christianity
_916361
942 _2ddc
_cBK
_01